Testimonio campesino

Zapisane w:
Opis bibliograficzny
Korporacja: Instituto de Estudios Andinos (Perú)
Format: Texto
Wydane: Huancayo: El Instituto
Etykiety: Dodaj etykietę
Nie ma etykietki, Dołącz pierwszą etykiete!

MARC

LEADER 00000 a a2200000 04500
001 16510
003
040
090 |a 029500  
110 |a Instituto de Estudios Andinos (Perú)  
245 |a Testimonio campesino  
260 |a Huancayo:   |b El Instituto  
300 |a 16 p.  
999 |c 3457  |d 3457